| 000 | 00680nam a2200193 i 4500 | ||
|---|---|---|---|
| 001 | 45444 | ||
| 003 | ES-MaACL | ||
| 005 | 20251108164633.0 | ||
| 007 | t| | ||
| 008 | 030326s1898 sp ||||1| spa d | ||
| 100 | 1 |
_aCogliolo, Pietro. _939474 |
|
| 245 | 1 | 0 |
_aEstudios acerca de la evolución del derecho privado / _cpor Pedro Cogliolo ; con un prólogo y notas de Rafael de Ureña y Smenjaud. |
| 260 |
_aMadrid : _b[s.n., _c1898] ( _fViuda de M. Minuesa de los Ríos) |
||
| 300 |
_a213 p. ; _c23 cm. |
||
| 650 | 0 | 7 |
_aDerecho civil _2embne _911656 |
| 700 | 1 |
_aUreña y Smenjaud, Rafael de, _d1852-1930 _9112127 |
|
| 852 |
_aES-MaACL _jF-14600 |
||
| 999 |
_c45444 _d45444 |
||